000 00484nam a2200169Ia 4500
999 _c147
_d147
003 OSt
005 20210826131641.0
008 190216s9999||||xx |||||||||||||| ||und||
040 _coclc
082 _a892.7
_bULA/A
100 _aUlama, Afsalul
_98693
245 0 _aAl Arabu Wa Adabhum /
_cAfsalul Ulama, Yoosuf Kokan
260 _bSultana Publishing House,
_c1976.
_aMadras:
300 _a120p
650 _aArabic
942 _cBK
_2ddc
_h892.7
_iULA/A
_k892.7
_mULA/A